| 000 | 01135nam a2200265 i 4500 | ||
|---|---|---|---|
| 001 | 182863 | ||
| 003 | ES-MaACL | ||
| 005 | 20250827051623.0 | ||
| 008 | 131120s1892 sp |||| | spa d | ||
| 080 | _a930.85(=87:85) | ||
| 080 | _a94(85)".../1522" | ||
| 100 | 1 |
_aCasas, Bartolomé de las, _d1474-1566 _9140251 |
|
| 245 | 1 | 0 |
_aDe las antiguas gentes del Perú / _cpor Fray Bartolomé de las Casas. |
| 260 |
_a[S.l.] : _b[s.n.], _c1892 ( _eMadrid : _fImp. de Manuel G. Hernández) |
||
| 300 |
_aLIX, 290 p. ; _c18 cm. |
||
| 490 | 1 |
_aColección de libros españoles raros o curiosos ; _vv. 21 |
|
| 530 | _aDisponible en formato digital. | ||
| 650 | 7 |
_aIndios de Perú. _9153637 |
|
| 651 | 4 |
_aPerú- _xHistoria- _yDescubrimiento y conquista, 1522-1548. _99226 |
|
| 700 | 1 |
_aJiménez de la Espada, Marcos, _d1831-1898 _9222553 |
|
| 830 | 0 | 0 |
_aColección de libros españoles raros o curiosos _vv. 21 _9187911 |
| 852 |
_aES-MaACL _jR-2188 |
||
| 856 | 4 | 1 |
_uhttp://bibliotecadigitalhispanica.bne.es:80/webclient/DeliveryManager?pid=2975657&custom_att_2=simple_viewer _zBiblioteca Digital Hispánica |
| 999 |
_c182863 _d182863 |
||